000 00625nam a2200229Ia 4500
003 OSt
005 20220923212326.0
006 a|||||r|||| 00| 0
007 ta
008 220922b |||||||| |||| 00| 0 hin d
024 _a152,258
037 _cTextual
040 _aARTS
_cARTS
_bhin
041 _2hin
_ahin
082 _aNx, 152K9
100 _aसिंह, शिवकरण
_9156291
245 0 _aकला सृजन प्रकिया
246 _aKalā sṛujan prakiyā
260 _c1969
942 _hNx, 152K9
_cTEXL
_2CC
999 _c307907
_d307907